[Event "Marshall CC int prel"]
[Site "New York"]
[Date "1995.??.??"]
[EventDate "?"]
[Round "3"]
[Result "0-1"]
[White "Dean Ippolito"]
[Black "Boris Kreiman"]
[WhiteElo "2459"]
[BlackElo "2482"]
[PlyCount "86"]

1.d4 d5 2.c4 dxc4 3.e4 Nc6 4.Nf3 Bg4 5.Bxc4 Bxf3 6.Qxf3 e6
7.d5 Ne5 8.Bb5+ c6 9.Qc3 cxb5 10.Qxe5 Qd6 11.Qxd6 Bxd6 12.dxe6
fxe6 13.Nc3 a6 14.Be3 Nf6 15.f3 Rc8 16.Rc1 Bb4 17.Bd2 Kf7
18.Ke2 Rc6 19.a3 Bd6 20.f4 b4 21.Na2 Nxe4 22.Rxc6 bxc6 23.Bxb4
c5 24.Ba5 Rb8 25.b4 Nf6 26.g3 Nd5 27.Rc1 Be7 28.Rc4 Rb5 29.Kd3
cxb4 30.Bxb4 Bf6 31.Rc5 Rb6 32.Rc4 a5 33.Bxa5 Rb3+ 34.Nc3 Rxa3
35.Rc5 Kg6 36.h3 Bxc3 37.Bxc3 Kf5 38.Kd2 Rxc3 39.Rxd5+ exd5
40.Kxc3 Ke4 41.h4 h5 42.Kd2 Kf3 43.f5 Kxg3 0-1

[Event "NY Open"]
[Site "Manhattan, New York City"]
[Date "1997.??.??"]
[EventDate "?"]
[Round "2"]
[Result "1/2-1/2"]
[White "Dean Ippolito"]
[Black "Helgi Olafsson"]
[WhiteElo "2432"]
[BlackElo "2522"]
[PlyCount "61"]

1. d4 Nf6 2. c4 e6 3. g3 d5 4. Nf3 dxc4 5. Bg2 Nc6 6. Qa4 Bd7
7. Qxc4 Na5 8. Qc3 c5 9. Bd2 Nc6 10. dxc5 Ne4 11. Qc2 Nxc5
12. Bc3 b5 13. Nd4 Nxd4 14. Bxd4 Rc8 15. Qd2 Bc6 16. O-O Bxg2
17. Kxg2 Qd5+ 18. f3 e5 19. Bc3 Qxd2 20. Nxd2 Bd6 21. Rac1 Ke7
22. Rfd1 f5 23. Bb4 Nb7 24. Bxd6+ Nxd6 25. e4 fxe4 26. Nxe4
Nxe4 27. fxe4 Rhd8 28. Rxc8 Rxc8 29. Rd2 Ke6 30. Kf3 a6
31. Ke3 1/2-1/2

[Event "U.S. Open"]
[Site "Reno USA"]
[Date "1999.08.11"]
[EventDate "?"]
[Round "2"]
[Result "0-1"]
[White "Jim Hanlen"]
[Black "Dean Ippolito"]
[WhiteElo "2001"]
[BlackElo "2441"]
[PlyCount "66"]

1. d4 d5 2. c4 e6 3. Nc3 c6 4. Nf3 Nf6 5. e3 Nbd7 6. cxd5 exd5
7. Bd3 Bd6 8. O-O O-O 9. e4 dxe4 10. Nxe4 Nxe4 11. Bxe4 Nf6
12. Bc2 Bg4 13. Qd3 Bh5 14. Qb3 Qb6 15. Bg5 Nd5 16. Rfe1 Rfe8
17. Rad1 Bxf3 18. Qxf3 Qxb2 19. Re2 Qb6 20. Be4 Qc7 21. Rde1
Qd7 22. h4 g6 23. h5 Bb4 24. hxg6 hxg6 25. Bxd5 cxd5 26. Rxe8+
Rxe8 27. Rxe8+ Qxe8 28. Qxd5 Qe1+ 29. Kh2 Qxf2 30. Qd8+ Kg7
31. Bh6+ 31... Kxh6 32. Qh8+ Kg5 33. Qe5+ Qf5 0-1

[Event "U.S. Open"]
[Site "Reno USA"]
[Date "1999.08.12"]
[EventDate "?"]
[Round "3"]
[Result "1-0"]
[White "Dean Ippolito"]
[Black "Matthew Gross"]
[WhiteElo "2441"]
[BlackElo "2115"]
[PlyCount "59"]

1. d4 Nf6 2. c4 g6 3. Nf3 Bg7 4. g3 O-O 5. Bg2 d6 6. O-O c5
7. Nc3 Nc6 8. dxc5 dxc5 9. Bf4 Be6 10. Ne5 Na5 11. Qc2 Nh5
12. Rfd1 Qc8 13. Nd5 Bxd5 14. cxd5 Nxf4 15. gxf4 b5 16. d6
exd6 17. Rxd6 Rb8 18. Rad1 Nc4 19. Rc6 Qf5 20. Qxf5 gxf5
21. Rxc5 Nxb2 22. Rd7 22... Rfd8 23. Rxb5 Bxe5 24. fxe5 Na4
25. Rxb8 Rxb8 26. Bd5 Nc3 27. Bxf7+ Kf8 28. Bc4 Rb4 29. Bd3
Rg4+ 30. Kf1 1-0

[Event "U.S. Open"]
[Site "Reno USA"]
[Date "1999.08.13"]
[EventDate "?"]
[Round "4"]
[Result "1-0"]
[White "John Fedorowicz"]
[Black "Dean Ippolito"]
[WhiteElo "2441"]
[BlackElo "2634"]
[PlyCount "65"]

1. d4 d5 2. c4 c6 3. Nf3 Nf6 4. Nc3 e6 5. Bg5 dxc4 6. e4 b5
7. e5 h6 8. Bh4 g5 9. Nxg5 hxg5 10. Bxg5 Nbd7 11. g3 Qb6
12. exf6 c5 13. d5 Bb7 14. Bg2 b4 15. Na4 Qd6 16. Bf4 e5
17. Be3 O-O-O 18. a3 Bh6 19. axb4 Bxe3 20. fxe3 cxb4 21. O-O
Nxf6 22. Rc1 Nxd5 23. Rxc4+ Kb8 24. Rxf7 Ba6 25. Qxd5 Qxd5
26. Bxd5 Rxd5 27. Rxb4+ Ka8 28. Nc3 Rd2 29. h4 Rb8 30. Rxb8+
Kxb8 31. h5 Rxb2 32. h6 32... Bd3 33. e4 1-0

[Event "World Open"]
[Site "Philadelphia"]
[Date "2000.07.03"]
[EventDate "2000.??.??"]
[Round "6"]
[Result "0-1"]
[White "Patrick Yee"]
[Black "Dean Ippolito"]
[WhiteElo "2296"]
[BlackElo "2449"]
[PlyCount "54"]

1. e4 e5 2. Nf3 Nf6 3. Nc3 Nc6 4. Bb5 Nd4 5. Bc4 Nxe4 6. Bxf7+
Kxf7 7. Nxe4 d5 8. Nxd4 exd4 9. Qf3+ Kg8 10. O-O h5 11. Ng3
Bg4 12. Qb3 h4 13. Nh1 h3 14. g3 Be2 15. Re1 d3 16. cxd3 Bf3
17. d4 Qf6 18. Qe3 Bxh1 19. f3 Bg2 20. d3 Qxf3 21. Qe6+ Qf7
22. Bf4 c6 23. Qg4 Be7 24. Re2 Bf6 25. Be5 Bxe5 26. Rxe5 Rf8
27. Qe2 Rh6 0-1

[Event "World Open"]
[Site "Philadelphia"]
[Date "2000.06.30"]
[EventDate "2000.??.??"]
[Round "1"]
[Result "1-0"]
[White "Dean Ippolito"]
[Black "William B Wright"]
[WhiteElo "2449"]
[BlackElo "2209"]
[PlyCount "63"]

1. d4 d5 2. c4 e6 3. Nc3 Nf6 4. cxd5 exd5 5. Bg5 Nbd7 6. e3 c6
7. Bd3 Be7 8. Nge2 Nf8 9. Qd2 Ne6 10. Bh4 g6 11. f3 Ng7
12. Bf2 Be6 13. Rd1 O-O 14. O-O Qa5 15. a3 Rfe8 16. Kh1 Rad8
17. e4 dxe4 18. Nxe4 Nf5 19. Nc5 Bxc5 20. dxc5 Nd5 21. Qc1 Bc8
22. Be4 Nf6 23. Bxf5 Bxf5 24. Nd4 Rd5 25. Bh4 Kg7 26. b4 Qc7
27. Qb2 Qe5 28. f4 Qe7 29. Nxf5+ Rxf5 30. Rfe1 Qf8 31. g4 Rxf4
32. Bxf6+ 1-0

[Event "World Open"]
[Site "Philadelphia"]
[Date "2000.07.02"]
[EventDate "2000.??.??"]
[Round "2"]
[Result "0-1"]
[White "George O Umezinwa"]
[Black "Dean Ippolito"]
[WhiteElo "2277"]
[BlackElo "2449"]
[PlyCount "120"]

1. d4 d5 2. Nf3 Nf6 3. c4 e6 4. Nc3 c6 5. e3 Nbd7 6. Bd3 dxc4
7. Bxc4 b5 8. Bd3 a6 9. O-O Bb7 10. a4 b4 11. Ne4 c5 12. Nxf6+
Qxf6 13. Be2 Be7 14. b3 cxd4 15. Bb2 e5 16. exd4 e4 17. Ne5
Rd8 18. Qc2 Nxe5 19. dxe5 Qg6 20. Bc4 O-O 21. Rad1 Rd3 22. Qe2
Bc5 23. Kh1 Rfd8 24. Bc1 Bd5 25. Bxd5 R8xd5 26. Bf4 Qf5
27. Bg3 h5 28. h4 Rxd1 29. Rxd1 Rxd1+ 30. Qxd1 Bxf2 31. e6
fxe6 32. Bxf2 Qxf2 33. Qxh5 Qf5 34. Qe2 a5 35. Kg1 Qc5+
36. Kh2 Qd5 37. Qe3 Qd6+ 38. g3 Qd3 39. Qb6 Qe2+ 40. Kh3 Qf1+
41. Kh2 Qf5 42. Qe3 Qf3 43. Qb6 e3 44. Qxe6+ Kh7 45. h5 Qxh5+
46. Kg2 Qe2+ 47. Kh3 Qf1+ 48. Kg4 Qf2 49. Qe8 g6 50. Qe7+ Kh6
51. Qh4+ Kg7 52. Qe7+ Qf7 53. Qxf7+ (53. Qxe3 $2 53... Qf5+
54. Kh4 Qh5#) 53... Kxf7 54. Kf3 Kf6 55. Kxe3 Kf5 56. Kd4 g5
57. Kc5 Ke4 58. Kb5 Kd4 59. Kxa5 Kc3 60. Kb6 60... Kxb3 0-1

[Event "World Open"]
[Site "Philadelphia"]
[Date "2000.07.02"]
[EventDate "2000.??.??"]
[Round "5"]
[Result "1/2-1/2"]
[White "Dean Ippolito"]
[Black "Robert Rowley"]
[WhiteElo "2449"]
[BlackElo "2311"]
[PlyCount "36"]

1. d4 d5 2. c4 c6 3. Nc3 Nf6 4. e3 g6 5. Nf3 Bg7 6. Bd3 O-O
7. O-O c5 8. dxc5 dxc4 9. Bxc4 Nbd7 10. Ng5 h6 11. Nge4 Nxe4
12. Nxe4 Qc7 13. Qc2 Ne5 14. Bd5 Bf5 15. f3 e6 16. Bb3 Nd7
17. Rd1 Bxe4 18. Qxe4 Nxc5 1/2-1/2

[Event "US Open"]
[Site "Framingham USA"]
[Date "2001.08.08"]
[EventDate "2001.08.04"]
[Round "5"]
[Result "1/2-1/2"]
[White "Michael Shahade"]
[Black "Dean Ippolito"]
[WhiteElo "2289"]
[BlackElo "2394"]
[PlyCount "28"]

1. c4 c5 2. Nf3 Nc6 3. Nc3 e5 4. g3 g6 5. d3 Bg7 6. Nd5 Nge7
7. Bg5 O-O 8. Qd2 f6 9. Nxe7+ Nxe7 10. Bh6 d5 11. Bxg7 Kxg7
12. cxd5 Nxd5 13. Bg2 b6 14. O-O Bb7 1/2-1/2

[Event "US Open"]
[Site "Framingham USA"]
[Date "2001.08.11"]
[EventDate "2001.08.04"]
[Round "8"]
[Result "1/2-1/2"]
[White "Zakhar Fayvinov"]
[Black "Dean Ippolito"]
[WhiteElo "2272"]
[BlackElo "2394"]
[PlyCount "90"]

1. Nf3 d5 2. d4 Nf6 3. c4 e6 4. Nc3 c6 5. cxd5 exd5 6. Qc2 Na6
7. a3 Nc7 8. Bg5 g6 9. e3 Bf5 10. Bd3 Bxd3 11. Qxd3 Ne6
12. Bh4 Be7 13. O-O O-O 14. Rfd1 Ng7 15. Bxf6 Bxf6 16. e4 dxe4
17. Nxe4 Ne6 18. g3 Nc7 19. Qb3 Rb8 20. Ne5 Nd5 21. Nc3 Nxc3
22. bxc3 Qc7 23. Re1 Bg7 24. Rab1 Rfe8 25. Nd3 b6 26. Qc4 Bf8
27. Ne5 Rbc8 28. a4 c5 29. Qb5 Kg7 30. Nf3 Rxe1+ 31. Rxe1 cxd4
32. cxd4 Qc6 33. Ne5 Qc3 34. Re4 Rc7 35. Kg2 Bd6 36. Qd5 Bxe5
37. Qxe5+ f6 38. Qd6 Qc6 39. Qxc6 Rxc6 40. Re7+ Kh6 41. Rxa7
Rd6 42. Ra6 Rxd4 43. Rxb6 Rxa4 44. Rxf6 Kg5 45. Rb6 Kf5
1/2-1/2

[Event "US Open"]
[Site "Framingham USA"]
[Date "2001.08.12"]
[EventDate "2001.08.04"]
[Round "9"]
[Result "1-0"]
[White "Dean Ippolito"]
[Black "Denis Strenzwilk"]
[WhiteElo "2394"]
[BlackElo "2168"]
[PlyCount "109"]

1. d4 d6 2. Nf3 Bg4 3. c4 Nd7 4. Qb3 Rb8 5. h3 Bxf3 6. Qxf3 e5
7. d5 Be7 8. Nc3 Ngf6 9. e4 O-O 10. Bd3 Nc5 11. Bc2 a5 12. O-O
Ne8 13. a3 Ra8 14. Rb1 Bg5 15. b4 axb4 16. axb4 Bxc1 17. Rfxc1
Nd7 18. Qe3 g6 19. c5 dxc5 20. bxc5 b6 21. cxb6 Nxb6 22. Nb5
Nc4 23. Qc3 Ncd6 24. Qxe5 Nf6 25. Qd4 Nxb5 26. Rxb5 c6 27. Rb6
Nh5 28. Rxc6 Nf4 29. Bd1 Qg5 30. g3 Nxh3+ 31. Kh2 Qh6 32. Kg2
Ra2 33. R1c2 Rxc2 34. Rxc2 Ng5 35. Bg4 f5 36. exf5 gxf5
37. Rc6 Qg7 38. Qxg7+ Kxg7 39. Bd1 f4 40. Rc7+ Kh6 41. f3 fxg3
42. Kxg3 Rf5 43. d6 Rd5 44. Bc2 Rxd6 45. f4 Rf6 46. fxg5+ Kxg5
47. Rg7+ Kh6 48. Rxh7+ Kg5 49. Rg7+ Kh6 50. Rg8 Rc6 51. Be4
Rc4 52. Kf4 Rb4 53. Rg6+ Kh5 54. Ra6 Rc4 55. Ra7 1-0

[Event "NCC"]
[Site "Philadelphia USA"]
[Date "2001.11.23"]
[EventDate "2001.11.23"]
[Round "2"]
[Result "0-1"]
[White "Peter Bierkens"]
[Black "Dean Ippolito"]
[WhiteElo "2161"]
[BlackElo "2393"]
[PlyCount "80"]

1. e4 e5 2. Nf3 Nf6 3. Nxe5 d6 4. Nf3 Nxe4 5. d4 d5 6. Bd3 Bd6
7. O-O O-O 8. c4 c6 9. cxd5 cxd5 10. Nc3 Nxc3 11. bxc3 Bg4
12. Rb1 Nd7 13. Rb5 Nb6 14. h3 Bh5 15. c4 Bxf3 16. Qxf3 dxc4
17. Bc2 Qd7 18. a4 g6 19. Bh6 Rfe8 20. Rfb1 Rad8 21. Be3 Bc7
22. a5 Nd5 23. Rxb7 Qd6 24. g3 Qe6 25. Bg5 f6 26. Bxf6 Rf8
27. Bxd8 Rxf3 28. Bxc7 Qe2 29. Be5 Qxf2+ 30. Kh1 Rf7 31. Rb8+
Rf8 32. R8b7 Qf3+ 33. Kh2 Qe2+ 34. Kg1 Qe3+ 35. Kh1 Qf3+
36. Kh2 Nf6 37. g4 Qf2+ 38. Kh1 Qxc2 39. g5 Nd7 40. Bf6 Qe4+
0-1

[Event "7th Foxwoods Open"]
[Site "Connecticut"]
[Date "2005.03.23"]
[EventDate "2005.??.??"]
[Round "1"]
[Result "1-0"]
[White "Dean Ippolito"]
[Black "Graham Jurgensen"]
[WhiteElo "2443"]
[BlackElo "2213"]
[PlyCount "55"]

1. d4 Nf6 2. c4 e6 3. Nc3 Bb4 4. Qc2 c5 5. dxc5 Na6 6. a3
Bxc3+ 7. Qxc3 Nxc5 8. b4 Nce4 9. Qb2 d5 10. c5 h6 11. Be3 O-O
12. f3 Ng5 13. h4 Ngh7 14. Bd4 Ne8 15. e3 f6 16. f4 Rf7
17. Nf3 Qc7 18. Bd3 Nf8 19. O-O Nd7 20. Rac1 Re7 21. Qb3 Kh8
22. b5 e5 23. fxe5 fxe5 24. c6 bxc6 25. Rxc6 Qb8 26. Qb4 Rf7
27. Nxe5 Rxf1+ 28. Kxf1 1-0

[Event "Foxwoods Open"]
[Site "Connecticut"]
[Date "2005.03.25"]
[EventDate "2005.??.??"]
[Round "4"]
[Result "0-1"]
[White "Robert Hess"]
[Black "Dean Ippolito"]
[WhiteElo "2355"]
[BlackElo "2443"]
[PlyCount "102"]

1. e4 e5 2. Nc3 Nf6 3. Bc4 Nc6 4. d3 Na5 5. Nge2 c6 6. a3 Nxc4
7. dxc4 d6 8. Qd3 Be7 9. O-O Be6 10. Bg5 h6 11. Bxf6 Bxf6
12. Rad1 Qe7 13. Qxd6 Bxc4 14. Qxe7+ Kxe7 15. Rfe1 g6 16. Ng3
Bg5 17. Nf1 Rhd8 18. Rxd8 Rxd8 19. Rd1 Rd4 20. Ne3 Ba6 21. g3
h5 22. Kg2 b6 23. Kf3 Bc8 24. Ke2 a5 25. f4 Rxd1 26. Kxd1 exf4
27. gxf4 Bxf4 28. Ned5+ cxd5 29. Nxd5+ Kd6 30. Nxf4 Bb7 31. b4
axb4 32. axb4 Bxe4 33. Kd2 Ke5 34. Nh3 f6 35. c4 Kd4 36. c5
bxc5 37. bxc5 Kxc5 38. Ke3 Kd5 39. Nf2 Bc2 40. Kf4 g5+ 41. Kg3
Ke5 42. h3 f5 43. Kf3 Be4+ 44. Ke3 f4+ 45. Ke2 Kf5 46. Kf1 g4
47. hxg4+ hxg4 48. Nd1 g3 49. Kg1 f3 50. Ne3+ Kf4 51. Ng2+ Kg4
0-1

[Event "34th World Open"]
[Site "Philadelphia USA"]
[Date "2006.06.29"]
[EventDate "2006.06.28"]
[Round "2"]
[Result "0-1"]
[White "R Francisco"]
[Black "Dean Ippolito"]
[WhiteElo "2223"]
[BlackElo "2413"]
[PlyCount "42"]

1. d4 Nf6 2. c4 e6 3. Nc3 Bb4 4. e3 b6 5. Nge2 Ba6 6. a3 Bxc3+
7. Nxc3 d5 8. Qf3 O-O 9. g4 c6 10. b3 Nbd7 11. Bb2 Ne8 12. a4
dxc4 13. bxc4 Nd6 14. Ba3 c5 15. Qf4 Qe7 16. Rd1 Rfd8 17. Nb5
Bb7 18. f3 e5 19. dxe5 Nxe5 20. Be2 Nxb5 21. axb5 Ng6 0-1

[Event "34th World Open"]
[Site "Philadelphia USA"]
[Date "2006.06.30"]
[EventDate "2006.06.28"]
[Round "3"]
[Result "1/2-1/2"]
[White "Dean Ippolito"]
[Black "Surya Sekhar Ganguly"]
[WhiteElo "2413"]
[BlackElo "2578"]
[PlyCount "135"]

1. d4 Nf6 2. c4 g6 3. Nf3 Bg7 4. g3 O-O 5. Bg2 c6 6. Nc3 d5
7. Qb3 dxc4 8. Qxc4 Bf5 9. O-O Nbd7 10. Re1 Ne4 11. Qb3 c5
12. Nh4 Nxc3 13. Nxf5 gxf5 14. bxc3 cxd4 15. cxd4 Bxd4 16. Rb1
Qb6 17. Qd3 Ne5 18. Qxf5 Qg6 19. Qxg6+ fxg6 20. Rf1 Rad8
21. Bg5 Rd7 22. Rxb7 Rxb7 23. Bxb7 Kg7 24. Be4 Ng4 25. Bf3 Ne5
26. Rd1 Nxf3+ 27. exf3 Bc5 28. Rd5 Bb6 29. Kg2 Rc8 30. Re5 Rc2
31. Rxe7+ Kg8 32. Be3 Kf8 33. Re4 Bxe3 34. Rxe3 Rxa2 35. Rb3
a5 36. Rb7 h5 37. Ra7 a4 38. f4 a3 39. Kf3 Kg8 40. h4 Kf8
41. Ra5 Kf7 42. f5 gxf5 43. Rxf5+ Kg6 44. Ra5 Kh6 45. Ra6+ Kg7
46. Ke3 Kh7 47. f3 Ra1 48. Kf2 a2 49. Kg2 Kg7 50. g4 hxg4
51. fxg4 Kh7 52. g5 Kg8 53. Ra7 Kh8 54. Kh2 Kg8 55. h5 Kh8
56. g6 Rb1 57. Rxa2 Rb5 58. Ra8+ Kg7 59. Ra7+ Kg8 60. Rh7 Rb3
61. Kg2 Ra3 62. Kf1 Rf3+ 63. Ke2 Rg3 64. Kf2 Rh3 65. Ke2 Rg3
66. Kd1 Rd3+ 67. Kc2 Rg3 68. Kd2 1/2-1/2

[Event "34th World Open"]
[Site "Philadelphia USA"]
[Date "2006.07.02"]
[EventDate "2006.06.28"]
[Round "5"]
[Result "0-1"]
[White "Dean Ippolito"]
[Black "Alexander Ivanov"]
[WhiteElo "2413"]
[BlackElo "2588"]
[PlyCount "100"]

1. d4 g6 2. Nf3 Bg7 3. c4 d6 4. g3 Nd7 5. Bg2 e5 6. Nc3 Ne7
7. e4 exd4 8. Nxd4 Nc6 9. Nde2 Nde5 10. b3 Bg4 11. h3 Nf3+
12. Kf1 Bxc3 13. Rb1 Nh2+ 14. Kg1 Bxe2 15. Qxe2 h5 16. Kxh2 h4
17. g4 g5 18. e5 Bxe5+ 19. f4 gxf4 20. Bxc6+ bxc6 21. Bxf4 O-O
22. Bxe5 Re8 23. Qf3 Rxe5 24. Qxc6 Re2+ 25. Kg1 Qe8 26. Qxe8+
Raxe8 27. a4 R8e3 28. Rh2 Re1+ 29. Rxe1 Rxe1+ 30. Kf2 Rb1
31. Ke3 Rxb3+ 32. Ke4 Rb4 33. Kd5 Rxa4 34. Rb2 Ra5+ 35. Rb5
Rxb5+ 36. cxb5 Kg7 37. Kc6 Kf6 38. Kxc7 d5 39. Kb7 d4 40. Kxa7
d3 41. b6 d2 42. b7 d1=Q 43. b8=Q Qa4+ 44. Kb7 Qb4+ 45. Kc8
Qxb8+ 46. Kxb8 Kg5 47. Kc7 Kf4 48. Kd6 Kg3 49. Ke5 Kxh3 50. g5
Kg4 0-1

[Event "34th World Open"]
[Site "Philadelphia USA"]
[Date "2006.07.03"]
[EventDate "2006.06.28"]
[Round "6"]
[Result "1/2-1/2"]
[White "Andrew Karklins"]
[Black "Dean Ippolito"]
[WhiteElo "2223"]
[BlackElo "2413"]
[PlyCount "117"]

1. e4 e5 2. Nf3 Nf6 3. Nxe5 d6 4. Nd3 Nxe4 5. Qe2 Qe7 6. b4
Bf5 7. Bb2 Nd7 8. a4 a5 9. b5 Nb6 10. g4 Bg6 11. Nf4 Nc5
12. Qxe7+ Kxe7 13. Nxg6+ hxg6 14. Nc3 Kd7 15. Bg2 Re8+ 16. Kf1
Kc8 17. d4 Ne6 18. Ne2 Rh4 19. Bc3 Nc4 20. h3 Ng5 21. Ng3 Be7
22. Re1 Rhh8 23. h4 Ne6 24. Bd5 Nb6 25. Bxe6+ fxe6 26. Rxe6
Nxa4 27. Bxa5 Bf6 28. Rxe8+ Rxe8 29. c3 d5 30. Kg2 Kd7 31. h5
gxh5 32. Rxh5 c6 33. bxc6+ Kxc6 34. Rh7 Kb5 35. Bb4 Bxd4
36. cxd4 Kxb4 37. Rxg7 b5 38. Nf5 Kc3 39. Rc7+ Kd3 40. Rb7 Nc3
41. g5 Rg8 42. f4 Ke4 43. Rf7 b4 44. Ne7 Ra8 45. Nc6 b3
46. Rb7 Ra2+ 47. Kg3 b2 48. g6 b1=Q 49. Rxb1 Nxb1 50. g7 Ra8
51. Ne7 Kxd4 52. Kg4 Ke4 53. g8=Q Rxg8+ 54. Nxg8 d4 55. Nf6+
Ke3 56. Nd5+ Ke4 57. Nb4 Nc3 58. f5 Nd5 59. Nxd5 1/2-1/2

[Event "34th World Open"]
[Site "Philadelphia USA"]
[Date "2006.07.04"]
[EventDate "2006.06.28"]
[Round "8"]
[Result "1-0"]
[White "Adam S Maltese"]
[Black "Dean Ippolito"]
[WhiteElo "2193"]
[BlackElo "2413"]
[PlyCount "83"]

1. Nf3 c5 2. c4 Nc6 3. g3 e5 4. Nc3 g6 5. Bg2 Bg7 6. O-O Nge7
7. d3 O-O 8. Bd2 d6 9. Rb1 h6 10. a3 a5 11. e3 Be6 12. b3 f5
13. Qc2 Rb8 14. Kh1 b6 15. Ng1 d5 16. Nge2 Qd7 17. Rbd1 g5
18. f4 exf4 19. gxf4 g4 20. e4 d4 21. Nd5 Ng6 22. exf5 Bxf5
23. Ng3 Nh4 24. Nxf5 Qxf5 25. Be4 Qh5 26. Be1 Nf5 27. Qe2 Qg6
28. Rg1 h5 29. h3 Qh6 30. Qh2 gxh3 31. Qxh3 Nce7 32. Rg5 Rf7
33. Rxh5 Qd6 34. Bxf5 Nxf5 35. Rxf5 Qe6 36. Rh5 Qe2 37. Rc1
Qb2 38. Bd2 Qxd2 39. Rg1 Rxf4 40. Qe6+ Rf7 41. Nf6+ Kf8
42. Rh8+ 1-0

[Event "National Open"]
[Site "Las Vegas"]
[Date "2006.06.17"]
[EventDate "?"]
[Round "4"]
[Result "1-0"]
[White "Dean Ippolito"]
[Black "William J Aramil"]
[WhiteElo "2439"]
[BlackElo "2235"]
[PlyCount "61"]

1. d4 Nf6 2. c4 g6 3. Nf3 Bg7 4. g3 O-O 5. Bg2 d6 6. O-O Nbd7
7. Nc3 e5 8. e4 exd4 9. Nxd4 Re8 10. h3 a6 11. Re1 Rb8 12. Be3
c5 13. Nc2 b5 14. Qxd6 bxc4 15. Na3 Rxb2 16. Nxc4 Rb4 17. Qd3
Qe7 18. f4 Rd8 19. Rad1 Bb7 20. e5 Ne8 21. Bxb7 Rxb7 22. Na5
c4 23. Qd5 Rc7 24. Nc6 Rxc6 25. Qxc6 Nf8 26. Nd5 Qa3 27. Qc5
Qxc5 28. Bxc5 Rb8 29. Rb1 Ra8 30. Red1 Ne6 31. Bb6 1-0

[Event "National Open"]
[Site "Las Vegas"]
[Date "2006.06.18"]
[EventDate "?"]
[Round "5"]
[Result "0-1"]
[White "Eugene Yanayt"]
[Black "Dean Ippolito"]
[WhiteElo "2296"]
[BlackElo "2439"]
[PlyCount "66"]

1. d4 d5 2. c4 c6 3. Nf3 Nf6 4. Nc3 e6 5. Bg5 dxc4 6. e4 b5
7. a4 Bb4 8. Be2 h6 9. Bxf6 Qxf6 10. O-O O-O 11. e5 Qe7
12. Ne4 Bb7 13. b3 cxb3 14. Qxb3 Nd7 15. a5 a6 16. Rfc1 c5
17. dxc5 Bxc5 18. Nxc5 Nxc5 19. Qa3 Rfc8 20. Nd4 Rc7 21. Bxb5
axb5 22. Nxb5 Rc6 23. Nd4 Rcc8 24. f3 Qd7 25. Rd1 Qc7 26. Re1
Ba6 27. Rac1 Qa7 28. Rc3 Nb3 29. Rxb3 Qxd4+ 30. Kh1 Rc2
31. Rb4 Qd2 32. Rg1 Bc4 33. h3 Ra2 0-1

[Event "NJ Open"]
[Site "Somerset"]
[Date "2007.09.03"]
[EventDate "?"]
[Round "6"]
[Result "0-1"]
[White "Dean Ippolito"]
[Black "Alexander Stripunsky"]
[WhiteElo "2472"]
[BlackElo "2686"]
[PlyCount "50"]

1. d4 d5 2. c4 Nc6 3. cxd5 Qxd5 4. e3 e5 5. Nc3 Bb4 6. Bd2
Bxc3 7. Bxc3 exd4 8. Ne2 Nf6 9. Nxd4 O-O 10. Nb5 Qg5 11. h4
Qh6 12. Nxc7 Bg4 13. Qb3 Rad8 14. Qxb7 Rd6 15. Nb5 Re6 16. Bc4
Rxe3+ 17. Kf1 Qf4 18. Bxf6 Qxc4+ 19. Kg1 Re2 20. Bg5 Bc8
21. Nd6 Qc5 22. Be3 Qxd6 23. Qb5 Rc2 24. Qa4 Qd3 25. Kh2 Rc4
0-1

[Event "Foxwoods Open"]
[Site "Foxwoods"]
[Date "2007.04.05"]
[EventDate "2007.??.??"]
[Round "3"]
[Result "1/2-1/2"]
[White "Dean Ippolito"]
[Black "Edward W Formanek"]
[WhiteElo "2447"]
[BlackElo "2255"]
[PlyCount "57"]

1. d4 Nf6 2. c4 c6 3. Nc3 d5 4. e3 a6 5. Bd3 b5 6. b3 Bg4
7. Qc2 e6 8. Nge2 Bh5 9. O-O Bg6 10. e4 b4 11. e5 Ng4 12. Nd1
dxc4 13. Bxg6 hxg6 14. h3 cxb3 15. axb3 Nh6 16. Ne3 Nf5
17. Qc4 Be7 18. Bd2 Nxe3 19. fxe3 a5 20. Nf4 Ra7 21. Nd3 Rd7
22. Nc5 Bxc5 23. Qxc5 Rd5 24. Qa7 O-O 25. Rfc1 Re8 26. Rc5
Rxd4 27. exd4 Qxd4+ 28. Kh2 Qxa1 29. Rxa5 1/2-1/2

[Event "Foxwoods Open"]
[Site "Foxwoods"]
[Date "2007.04.06"]
[EventDate "2007.??.??"]
[Round "5"]
[Result "1-0"]
[White "Dean Ippolito"]
[Black "Sunil Weeramantry"]
[WhiteElo "2447"]
[BlackElo "2216"]
[PlyCount "103"]

1. d4 Nf6 2. c4 g6 3. Nf3 Bg7 4. g3 O-O 5. Bg2 d6 6. O-O a6
7. Nc3 Nc6 8. h3 Rb8 9. e4 Nd7 10. Be3 b5 11. cxb5 axb5
12. Rc1 Na5 13. b3 c5 14. dxc5 dxc5 15. e5 Bb7 16. Nd5 c4
17. e6 fxe6 18. Nf4 Ne5 19. Nxe5 Bxg2 20. Qg4 Bxf1 21. Qxe6+
Kh8 22. Rxf1 Qd6 23. Nf7+ Rxf7 24. Qxf7 Rf8 25. Qe6 cxb3
26. axb3 Qxe6 27. Nxe6 Rc8 28. Nxg7 Kxg7 29. b4 Nc4 30. Bc5
Kf7 31. Ra1 Rc7 32. Ra8 Rb7 33. Rh8 Kg7 34. Rd8 Kf7 35. g4 e5
36. Kg2 Ke6 37. Kf3 Rf7+ 38. Ke2 e4 39. Rb8 Na3 40. Ke3 Rf3+
41. Kxe4 Rxh3 42. g5 Nb1 43. Rb6+ Kd7 44. Bd4 Nd2+ 45. Kd5 Rd3
46. Rxb5 Nb3 47. Kc4 Rxd4+ 48. Kxb3 Rf4 49. Rb7+ Ke6 50. Rxh7
Rf3+ 51. Ka4 Rxf2 52. Rg7 1-0

[Event "Foxwoods Open"]
[Site "Foxwoods"]
[Date "2007.04.07"]
[EventDate "2007.??.??"]
[Round "6"]
[Result "1-0"]
[White "Adam S Maltese"]
[Black "Dean Ippolito"]
[WhiteElo "2291"]
[BlackElo "2447"]
[PlyCount "79"]

1. Nf3 c5 2. c4 Nc6 3. g3 e5 4. Nc3 g6 5. Bg2 Bg7 6. O-O Nge7
7. d3 O-O 8. Rb1 d6 9. a3 a5 10. Nd2 Rb8 11. b3 Be6 12. Bb2 h6
13. Ba1 Kh7 14. Nd5 b5 15. e3 f5 16. f4 Bg8 17. Nxe7 Nxe7
18. a4 b4 19. Nf3 Qc7 20. Qc2 Rbd8 21. Rbd1 Be6 22. Rfe1 Bc8
23. Bb2 Bb7 24. Nh4 Rd7 25. Bxb7 Qxb7 26. d4 Rfd8 27. d5 Rf8
28. fxe5 dxe5 29. Rf1 e4 30. Bxg7 Kxg7 31. Qb2+ Kh7 32. Qe5
Qb6 33. d6 Nc8 34. Nxf5 gxf5 35. Rxf5 Rg8 36. Qxe4 Kh8 37. Rf6
Rh7 38. Qe5 Kg7 39. Rf3+ Kg6 40. Qf5+ 1-0

[Event "World Open"]
[Site "King of Prussia USA"]
[Date "2007.06.30"]
[EventDate "2007.06.28"]
[Round "2"]
[Result "1-0"]
[White "Dean Ippolito"]
[Black "Robert Akopian"]
[WhiteElo "2437"]
[BlackElo "2210"]
[PlyCount "79"]

1. d4 Nf6 2. c4 c5 3. d5 e6 4. Nc3 exd5 5. cxd5 d6 6. e4 g6
7. f4 Bg7 8. Bb5 Nfd7 9. a4 O-O 10. Nf3 Na6 11. O-O Nc7
12. Bd3 a6 13. Be3 Rb8 14. Bf2 b5 15. axb5 axb5 16. Bh4 Bf6
17. Bg3 b4 18. Na4 Re8 19. Re1 Nb6 20. e5 Be7 21. Nxb6 Rxb6
22. Bc4 Bg4 23. h3 Bxf3 24. Qxf3 Bh4 25. exd6 Rxe1 26. Bxe1
Rxd6 27. Bxh4 Qxh4 28. Qe3 Rd7 29. Rd1 Qf6 30. Qxc5 Qxf4
31. d6 Ne8 32. Bb5 Rd8 33. d7 Ng7 34. Rf1 Qb8 35. Qe7 Qb6
36. Kh1 Nf5 37. Rxf5 gxf5 38. Bc4 Rf8 39. Bxf7 Kg7 40. Bb3 1-0

[Event "World Open"]
[Site "King of Prussia USA"]
[Date "2007.07.02"]
[EventDate "2007.06.28"]
[Round "5"]
[Result "1-0"]
[White "David Howell"]
[Black "Dean Ippolito"]
[WhiteElo "2611"]
[BlackElo "2437"]
[PlyCount "83"]

1. e4 e5 2. Nf3 Nf6 3. Nc3 Nc6 4. a3 d5 5. Bb5 d4 6. Ne2 Nxe4
7. d3 Nf6 8. Nxe5 Qd5 9. Nxc6 bxc6 10. Bc4 Qxg2 11. Rg1 Qh3
12. Nxd4 Bg4 13. f3 Qxh2 14. Be3 Bd7 15. f4 Nd5 16. Qf3 Nxe3
17. Qxe3 Kd8 18. Nf3 Bc5 19. d4 Qh3 20. O-O-O Bd6 21. Rxg7 Re8
22. Qb3 Bg4 23. Rxg4 Qxg4 24. Ne5 Qxf4 25. Kb1 Qe4 26. Bd3 Qd5
27. Bc4 Qe4 28. Nxf7 Kd7 29. Ne5 Rxe5 30. dxe5 Qxe5 31. Qh3
Kd8 32. Rg1 Qc5 33. Rg8 Bf8 34. Qd3 Ke8 35. Qe4 Kd8 36. Qf4
Kd7 37. Qf7 Qe7 38. Qf5 Ke8 39. Rg4 Qd7 40. Be6 Qd1 41. Ka2
Qd6 42. Qf7 1-0